Otázky európskej bezpečnosti a spolupráce v dokumentoch

Bibliographic Details
Main Author: Tomko, Ján (Author)
Format: Book
Language:Slovak
PhysicalDescription:172 s. 29 cm
Published: Bratislava Univerzita Komenského 1978
Edition:1. vyd.
Series:Vysokoškolské skriptá
Subjects:

MARC

LEADER 00000cam a2200000 a 4500
001 vtls001112660
003 SK-MaSNL
005 20260302061635.0
008 250313s1978 xo 000 0 slo
015 |a SNBA1978 
035 |a SNK000055503 
035 |a urn:nbn:sk:snk-amju2x 
035 |a urn:nbn:sk:snk-am0084m4 
035 |a 94A96C04-051E-4F06-AA20-06B337E97CDB 
040 |a SNK  |b slo  |c SNK  |e AACR2 
041 0 |a slo 
044 |a xo  |c SK 
080 |a 327.57(4)(094.2)(075.8)  |2 1981 
100 1 |a Tomko, Ján  |4 aut  |9 8010 
245 1 0 |a Otázky európskej bezpečnosti a spolupráce v dokumentoch  |c Ján Tomko 
250 |a 1. vyd. 
260 |a Bratislava  |b Univerzita Komenského  |c 1978 
300 |a 172 s.  |c 29 cm 
366 |e 1500 výt. 
490 1 |a Vysokoškolské skriptá 
650 0 7 |a európska bezpečnosť  |2 SNKPH  |9 476023 
650 0 7 |a spolupráca  |2 SNKPH  |9 20291 
655 7 |a učebnice vysokých škôl  |2 SNKPH  |9 70191 
830 0 |a Vysokoškolské skriptá  |9 276440 
852 |a Slovenská národná knižnica 
958 |a OND 
999 |c 1126115  |d 1128045 
952 |t P60, <04>, [BOOK], {604}  |a SNK  |b SNK  |y VYP  |7 0  |p 17A0231620  |o snkSB 27021 D1  |i snkKSP 5014/78  |0 0  |1 0  |4 0  |d 2000-03-09  |l 0  |r 2004-12-31 00:00:00  |w 2026-02-24 
952 |a SNK  |b SNK  |y PREZ  |7 0  |p 17A0970572  |o snkSB 27021  |i snkKSP 5013/78  |0 0  |1 0  |4 0  |d 2012-07-26  |f 1  |l 0  |r 2026-02-24 18:46:04  |w 2026-02-24